The politics of international migration management /

Bibliographic Details
Other Authors: Geiger, Martin, 1975-, Pécoud, Antoine, 1974-
Format: Book
Language:English
Published: Basingstoke, Hampshire ; New York : Palgrave Macmillan, 2010.
Series:Migration, minorities, and citizenship.
Subjects:

MARC

Tag First Indicator Second Indicator Subfields
LEADER 00000cam a2200000 a 4500
001 in00002643921
005 20151202114234.0
008 100629s2010 enk b 001 0 eng
010 |a  2010027513 
020 |a 9780230272583 
020 |a 0230272584 
035 |a (OCoLC)ocn693553827 
035 |a (OCoLC)693553827 
040 |a DLC  |c DLC  |d YDX  |d YDXCP  |d OKU  |d UtOrBLW 
049 |a TXAM 
050 0 0 |a JV6271  |b .P67 2010 
082 0 0 |a 325  |2 22 
245 0 4 |a The politics of international migration management /  |c edited by Martin Geiger and Antoine Pécoud. 
264 1 |a Basingstoke, Hampshire ;  |a New York :  |b Palgrave Macmillan,  |c 2010. 
300 |a x, 305 pages ;  |c 23 cm. 
336 |a text  |b txt  |2 rdacontent 
337 |a unmediated  |b n  |2 rdamedia 
338 |a volume  |b nc  |2 rdacarrier 
490 1 |a Migration, minorities and citizenship 
504 |a Includes bibliographical references and index. 
650 0 |a Emigration and immigration  |x Government policy. 
610 2 0 |a International Organization for Migration. 
700 1 |a Geiger, Martin,  |d 1975- 
700 1 |a Pécoud, Antoine,  |d 1974- 
830 0 |a Migration, minorities, and citizenship. 
938 |a YBP Library Services  |b YANK  |n 3470780 
945 |a PromptCat  |b 206111 
946 |a stk 
947 |a A14840583451 
994 |a 92  |b TXA 
948 |a Cataloged  |b h  |c 2011/1/26  |d c  |e rsmith 
999 |a MARS 
999 f f |s 01ee8a9c-2640-3d3a-aec0-225b1a1eeb36  |i ab9f9c16-2115-3983-995e-173699b39c01  |t 0 
952 f f |p ric  |a Texas A&M University  |b Rellis Campus  |c Joint Library Facility  |d Remote Storage  |t 0  |e JV6271 .P67 2010  |h Library of Congress classification  |i unmediated -- volume  |m A14840583451 
998 f f |a JV6271 .P67 2010  |t 0  |l Remote Storage